000 00620nam a22002177a 4500
003 OSt
008 260629b |||||||| |||| 00| 0 eng d
020 _a9780323960182
082 _a616.975003
_bS56E
245 _aEncyclopedia of Food Allergy
_cEditer- Sicherer, Scott H.
260 _aAmsterdam, Netherlands
_bElsevier
_c2024
300 _axli., 697p.
365 _e61620.00, INR
650 _aFood allergy.
650 _aFood allergy $v Encyclopedias.
650 _aFood intolerance.
650 _aImmunological diseases.
650 _aAllergy
650 _aFood allergy $v Encyclopedias.
942 _2ddc
_cRFB
999 _c52466
_d52466